000 01740nam a22002771 4500
005 20050808122104.0
008 721219s1962 nyu 000 0 eng
010 _aB-359259-264
020 _a9780330450263
_c293.30
037 _bAakar Books
040 _adpl
_bEnglish
082 _aN
100 _aSwift, Graham
245 _aTomorrow /
_cby Graham Swift
260 _aLondon
_bPan Macmillan
_c2008
270 _a20, New
_bHammersmith, London
_eW6 8JB
300 _a248p
_c20 cm (pbk)
942 _2ddc
_cEN
_hN
_mWHI
999 _c23795
_d23795